Urgeschichtsstudien beiderseits der Niederelbe : K. H. Jacob-Friesen gewidmet
Saved in:
| Document Type: | Book |
|---|---|
| Language: | German |
| Published: |
Hildesheim
: Lax
, 1939
|
| Series: | Darstellungen aus Niedersachsens Urgeschichte
4 |
| Subjects: | |
| Related Items: | Erscheint auch als:
Ein Mahnruf zum kommenden Denkmalschutz- und Ausgrabungsgesetz Rezensiert in: [Rezension von: G. Schwantes (Hrsg.), Urgeschichtsstudien beiderseits der Niederelbe] Rezensiert in: [Rezension von: Gustav Schwantes, Urgeschichtsstudien beiderseits der Niederelbe] Rezensiert in: [Rezension von: Urgeschichtsstudien beiderseits der Niederelbe, K.H. Jacob-Friesen gewidmet. Darstellungen aus Niedersachsens Urgeschichte] |
| Author Notes: | hrsg. ... von G. Schwantes |
| LEADER | 05313cam a2200721 c 4500 | ||
|---|---|---|---|
| 001 | 1127964976 | ||
| 003 | DE-627 | ||
| 005 | 20260618125953.0 | ||
| 007 | tu | ||
| 008 | 970320s1939 xx ||||| 00| ||ger c | ||
| 035 | |a (DE-627)1127964976 | ||
| 035 | |a (DE-603)100724108 | ||
| 035 | |a (DE-576)057964971 | ||
| 035 | |a (DE-599)BSZ057964971 | ||
| 035 | |a (OCoLC)174731556 | ||
| 035 | |a (OCoLC)174731556 | ||
| 035 | |a (DE-604)8050527576 | ||
| 040 | |a DE-627 |b ger |c DE-627 |e rda | ||
| 041 | |a ger | ||
| 044 | |c XA-DXDE | ||
| 084 | |a NF 1265 |2 rvk |0 (DE-625)rvk/125211:1202 | ||
| 084 | |a NF 1260 |2 rvk |0 (DE-625)rvk/125211:1201 | ||
| 084 | |a NK 8200 |2 rvk |0 (DE-625)rvk/126249: | ||
| 084 | |a NF 1063 |2 rvk |0 (DE-625)rvk/125188: | ||
| 084 | |a NF 1305 |2 rvk |0 (DE-625)rvk/125211:1212 | ||
| 084 | |a 15.19 |2 bkl | ||
| 084 | |a 15.19 |2 bkl | ||
| 245 | 0 | 0 | |a Urgeschichtsstudien beiderseits der Niederelbe |b K. H. Jacob-Friesen gewidmet |c hrsg. ... von G. Schwantes |
| 264 | 1 | |a Hildesheim |b Lax |c 1939 | |
| 300 | |a VIII, 369 S. |b zahlr. Ill. | ||
| 336 | |a Text |b txt |2 rdacontent | ||
| 337 | |a ohne Hilfsmittel zu benutzen |b n |2 rdamedia | ||
| 338 | |a Band |b nc |2 rdacarrier | ||
| 490 | 1 | |a Darstellungen aus Niedersachsens Urgeschichte |v 4 | |
| 500 | |a Feschrift Karl H. Jacob-Friesen | ||
| 546 | |a In Fraktur | ||
| 648 | 7 | |a Vor- und Frühgeschichte |2 gnd | |
| 651 | 7 | |0 (DE-588)4061893-6 |0 (DE-627)106134043 |0 (DE-576)209141794 |a Unterelbe-Gebiet |2 gnd | |
| 655 | 7 | |a Festschrift |0 (DE-588)4016928-5 |0 (DE-627)104400986 |0 (DE-576)208917802 |2 gnd-content | |
| 689 | 0 | 0 | |d g |0 (DE-588)4061893-6 |0 (DE-627)106134043 |0 (DE-576)209141794 |a Unterelbe-Gebiet |2 gnd |
| 689 | 0 | 1 | |a z |2 gnd |a Vor- und Frühgeschichte |
| 689 | 0 | |5 (DE-627) | |
| 700 | 1 | |a Schwantes, Gustav |d 1881-1960 |0 (DE-588)118762842 |0 (DE-627)079542816 |0 (DE-576)209421819 |4 oth | |
| 700 | 1 | |a Jacob-Friesen, Karl Hermann |d 1886-1960 |0 (DE-588)117032158 |0 (DE-627)133396150 |0 (DE-576)161554350 |4 oth | |
| 776 | 0 | 8 | |i Erscheint auch als |n Druck-Ausgabe |a Gummel, Hans, 1891 - 1962 |t Ein Mahnruf zum kommenden Denkmalschutz- und Ausgrabungsgesetz |d 1939 |h S. 9-17 |w (DE-627)1481996746 |w (DE-576)411996746 |
| 787 | 0 | 8 | |i Rezensiert in |a Sprockhoff, Ernst, 1892 - 1967 |t [Rezension von: G. Schwantes (Hrsg.), Urgeschichtsstudien beiderseits der Niederelbe] |d Frankfurt, M. : Henrich-Ed., 1941 |w (DE-627)1569138516 |w (DE-576)499138511 |
| 787 | 0 | 8 | |i Rezensiert in |a Potratz, Hans Albert, 1906 - |t [Rezension von: Gustav Schwantes, Urgeschichtsstudien beiderseits der Niederelbe] |d Hildesheim : August Lax Verlagsbuchhandlung, 1939 |w (DE-627)1687295743 |
| 787 | 0 | 8 | |i Rezensiert in |a Uslar, Rafael von, 1908 - 2003 |t [Rezension von: Urgeschichtsstudien beiderseits der Niederelbe, K.H. Jacob-Friesen gewidmet. Darstellungen aus Niedersachsens Urgeschichte] |d Darmstadt : L.C. Wittich, 1940 |w (DE-627)1727438582 |
| 830 | 0 | |a Darstellungen aus Niedersachsens Urgeschichte |v 4 |9 4 |w (DE-627)130227374 |w (DE-576)004618599 |w (DE-600)539992-0 |7 am | |
| 936 | r | v | |a NF 1265 |b Einzelbeiträge |k Geschichte |k Ur- und Frühgeschichte / Prähistorische Archäologie |k Allgemeine und europäische Ur- und Frühgeschichte nach Epochen |k Zeitlich übergreifende Darstellungen |k Europa |k Mitteleuropa (Deutschland, Österreich, Schweiz) |k Deutschland |k Einzelbeiträge |0 (DE-627)1270876007 |0 (DE-625)rvk/125211:1202 |0 (DE-576)200876007 |
| 936 | r | v | |a NF 1260 |b Allgemeines |k Geschichte |k Ur- und Frühgeschichte / Prähistorische Archäologie |k Allgemeine und europäische Ur- und Frühgeschichte nach Epochen |k Zeitlich übergreifende Darstellungen |k Europa |k Mitteleuropa (Deutschland, Österreich, Schweiz) |k Deutschland |k Allgemeines |0 (DE-627)127152516X |0 (DE-625)rvk/125211:1201 |0 (DE-576)20152516X |
| 936 | r | v | |a NK 8200 |b Historiker-Festschriften und Aufsatzsammlungen von Historikern, Allgemeines |k Geschichte |k Weltgeschichte, Darstellungen Allgemeine Geschichte einzelner Staaten und Völker Teilgebiete der Geschichte, Sammelwerke |k Allgemeine Sammelwerke und Sammelbiografien |k Historiker-Festschriften und Aufsatzsammlungen von Historikern |k Historiker-Festschriften und Aufsatzsammlungen von Historikern, Allgemeines |0 (DE-627)1270875841 |0 (DE-625)rvk/126249: |0 (DE-576)200875841 |
| 936 | r | v | |a NF 1063 |b Festschriften |k Geschichte |k Ur- und Frühgeschichte / Prähistorische Archäologie |k Allgemeines |k Festschriften |0 (DE-627)1392980895 |0 (DE-625)rvk/125188: |0 (DE-576)322980895 |
| 936 | r | v | |a NF 1305 |b Einzelbeiträge |k Geschichte |k Ur- und Frühgeschichte / Prähistorische Archäologie |k Allgemeine und europäische Ur- und Frühgeschichte nach Epochen |k Zeitlich übergreifende Darstellungen |k Europa |k Mitteleuropa (Deutschland, Österreich, Schweiz) |k Deutschland |k West- und Mitteldeutschland |k Einzelbeiträge |0 (DE-627)1399013947 |0 (DE-625)rvk/125211:1212 |0 (DE-576)329013947 |
| 936 | b | k | |a 15.19 |j Vor- und Frühgeschichte |q coli-conc RVK->BK |q https://coli-conc.gbv.de/api/mappings/75cc445c-571d-40a5-a765-030d7671b9ad |0 (DE-627)10640329X |
| 936 | b | k | |a 15.19 |j Vor- und Frühgeschichte |q coli-conc RVK->BK |q https://coli-conc.gbv.de/api/mappings/86628ea8-ce7c-4261-a534-79c6ddd79ae8 |0 (DE-627)10640329X |
| 936 | s | n | |a n100 |2 mzub |
| 936 | s | n | |a l200 |2 mzub |
| 951 | |a BO | ||
| 990 | |a Unterelbe-Gebiet | ||
| 990 | |a Vor- und Frühgeschichte | ||
| 991 | |a Rezensiertes Werk | ||
| 999 | |a KXP-PPN1127964976 |e 4587172367 | ||


